BSOP header

Kitab indil : (Record no. 15373)

MARC details
000 -LEADER
fixed length control field 00409nam a2200121 4500
008 - FIXED-LENGTH DATA ELEMENTS--GENERAL INFORMATION
fixed length control field 030626s1981 ph eng
090 ## - LOCALLY ASSIGNED LC-TYPE CALL NUMBER (OCLC); LOCAL CALL NUMBER (OCLC)
Classification number (OCLC) (R) ; Classification number, CALL (RLIN) (NR) BS2235
Local cutter number (OCLC) ; Book number/undivided call number, CALL (RLIN) .M295
-- B47nt
-- 1981
245 10 - TITLE STATEMENT
Title Kitab indil :
Remainder of title Maranao Bible /
Statement of responsibility, etc .
260 ## - PUBLICATION, DISTRIBUTION, ETC. (IMPRINT)
Place of publication, distribution, etc Cebu City :
Name of publisher, distributor, etc G.T. Printers,
Date of publication, distribution, etc c1981.
300 ## - PHYSICAL DESCRIPTION
Extent 734 p.
650 #4 - SUBJECT ADDED ENTRY--TOPICAL TERM
Topical term or geographic name as entry element Bible. N.T.
General subdivision Maranao.
951 ## - EQUIVALENCE OR CROSS-REFERENCE-GEOGRAPHIC NAME/AREA NAME [OBSOLETE] [CAN/MARC only]
General subdivision 00026149
951 ## - EQUIVALENCE OR CROSS-REFERENCE-GEOGRAPHIC NAME/AREA NAME [OBSOLETE] [CAN/MARC only]
-- 25980
-- BS2235/.M295/B47nt/1981
-- 070613111243625
-- 2000-12-21
-- FIL-REF
Holdings
Withdrawn status Lost status Damaged status Not for loan Home library Current library Shelving location Date acquired Accession number Shelving control number Total Checkouts Full call number Barcode Date last seen Price effective from Koha item type
        BSOP Library BSOP Library Filipiniana Reference 12/21/2000 25980 127   BS2235/.M295/B47nt/1981 00026149 02/23/2013 02/23/2013 Books
BSOP

Biblical Seminary of the Philippines
  All rights Reserved
  © 2024

CONTACT INFORMATION

Biblical Seminary of the Philippines,
  77-B Karuhatan Road, Valenzuela City,
  PHILIPPINES 1441
  Phone: +632 8292-6795 / 8292-6798
  Fax : +632 8292-6675
  Email: library@bsop.edu.ph